Football Transfers of 2023/24 - Statistics

General Stats
  • This quiz has been taken 10 times
  • The average score is 17 of 26
Answer Stats
Team Before Player Team After Fee % Correct
Tottenham Harry Kane Bayern Munich 95 Million
100%
Borussia Dortmund Jude Bellingham Real Madrid 127 Million
100%
PSG Lionel Messi Inter Miami Free Transfer
100%
PSG Neymar Al-Hilal 90 Million
100%
West Ham Declan Rice Arsenal 116.6 Million
89%
Brighton Alexis Mac Allister Liverpool 42 Million
78%
RB Leipzig Dominik Szoboszlai Liverpool 70 Million
78%
Brighton Moises Caicedo Chelsea 116 Million
78%
Eintracht Frankfurt Randal Kolo Muani PSG 95 Million
78%
Wolves Ruben Neves Al-Hilal 55 Million
78%
Inter Milan Andre Onana Man United 50.2 Million
67%
Benfica Goncalo Ramos PSG 65 Million
67%
Real Madrid Karim Benzema Al-Ittihad Free Transfer
67%
AC Milan Sandro Tonali Newcastle 58.9 Million
67%
Man City Cole Palmer Chelsea 47 Million
56%
Rennes Jeremy Doku Man City 60 Million
56%
Chelsea Kai Havertz Arsenal 75 Million
56%
Chelsea Mason Mount Man United 67.7 Million
56%
Villarreal Nicolas Jackson Chelsea 37 Million
56%
Atalanta Rasmus Hojlund Man United 77.8 Million
56%
Southampton Romeo Lavia Chelsea 62.1 Million
56%
Leicester City James Maddison Tottenham 46.3 Million
44%
RB Leipzig Josko Gvardiol Man City 90 Million
44%
Ajax Mohammed Kudus West Ham 43 Million
44%
Nottingham Forest Brennan Johnson Tottenham 55 Million
33%
RB Leipzig Christopher Nkunku Chelsea 60 Million
33%
No matching quizzes found
Score Distribution
Percent of People with Each Score
Percentile by Number Answered
Your Score History
You have not taken this quiz